[Event "Boeblinger Open 2014"]
[Site "Boeblingen"]
[Date "2014.12.28"]
[Round "2"]
[White "Kabisch, Thilo"]
[Black "Graf, Felix"]
[Result "0-1"]
[WhiteElo "2211"]
[BlackElo "2472"]
[PlyCount "108"]
[EventDate "2014.??.??"]

1. e4 e6 2. d4 d5 3. Nd2 Nf6 4. e5 Nfd7 5. Bd3 c5 6. c3 b5 7. Ne2 Qb6 8. O-O
Nc6 9. Nf3 b4 10. Re1 Be7 11. Bc2 Ba6 12. Nf4 Rc8 13. h4 Qc7 14. Ng5 Bxg5 15.
hxg5 cxd4 16. Qh5 Nf8 17. cxb4 Nxe5 18. Ba4+ Kd8 19. Bd2 Nfg6 20. Rac1 Qb6 21.
Qh3 Rxc1 22. Rxc1 Bb5 23. Nxd5 exd5 24. Bxb5 Qxb5 25. Rc5 Qd7 26. Qb3 Nc4 27.
Qd3 Re8 28. Qxd4 Re4 29. Qxd5 Nxd2 30. Qxd7+ Kxd7 31. Rd5+ Ke6 32. Rxd2 Rxb4
33. b3 Rb5 34. Rd4 Rxg5 35. Ra4 a5 36. b4 axb4 37. Rxb4 Ra5 38. a4 Ne5 39. Kh2
Nd3 40. Re4+ Kf5 41. f3 Nc5 42. Rb4 Ke6 43. Rg4 Kf6 44. Rf4+ Ke6 45. Rh4 h6 46.
Rh5 Kd6 47. Rf5 f6 48. g4 Rxa4 49. Kg3 Ra3 50. Kh4 Nd3 51. Rb5 Ne5 52. Rb7
Nxf3+ 53. Kh5 Ne5 54. Rb6+ Kc7 0-1

[Event "Boeblinger Open 2014"]
[Site "Boeblingen"]
[Date "2014.12.28"]
[Round "2"]
[White "Kunin, Vitaly"]
[Black "Dorst, Johannes"]
[Result "1-0"]
[WhiteElo "2589"]
[BlackElo "2262"]
[PlyCount "91"]
[EventDate "2014.??.??"]

1. d4 Nf6 2. c4 g6 3. Nc3 Bg7 4. e4 d6 5. Be2 O-O 6. Bg5 Na6 7. Nf3 Qe8 8. O-O
e5 9. Re1 exd4 10. Qxd4 Nd7 11. Qd2 Ne5 12. Rac1 Nc5 13. b4 Ne6 14. Bh6 Nxf3+
15. Bxf3 Nd4 16. Bd1 Bxh6 17. Qxh6 Qe5 18. Ba4 a5 19. b5 c5 20. bxc6 bxc6 21.
f4 Qc5 22. Kh1 f6 23. f5 g5 24. Red1 Ra7 25. Qh3 Qe5 26. Qd3 c5 27. Nb5 Nxb5
28. cxb5 Rd8 29. Bb3+ Kg7 30. Bd5 Re7 31. Qa3 Bb7 32. Bxb7 Rxb7 33. Qxa5 Rdd7
34. Rc4 d5 35. exd5 Rxd5 36. Rcc1 Rxd1+ 37. Rxd1 Qe2 38. Rb1 Qd3 39. Qe1 c4 40.
Rc1 Qa3 41. Rxc4 Rxb5 42. Rc7+ Kh6 43. h4 Rxf5 44. hxg5+ Rxg5 45. Qe4 f5 46.
Qh4+ 1-0

[Event "Boeblinger Open 2014"]
[Site "Boeblingen"]
[Date "2014.12.28"]
[Round "2"]
[White "Lampert, Jonas"]
[Black "Gschnitzer, Adrian"]
[Result "1/2-1/2"]
[WhiteElo "2453"]
[BlackElo "2199"]
[PlyCount "104"]
[EventDate "2014.??.??"]

1. d4 d5 2. c4 e6 3. Nc3 Nf6 4. cxd5 exd5 5. Bg5 Nbd7 6. e3 c6 7. Bd3 Be7 8. h3
O-O 9. Bf4 Re8 10. Qc2 Nf8 11. Nf3 Ng6 12. Bh2 Bd6 13. Bxd6 Qxd6 14. O-O-O b5
15. Kb1 Bd7 16. Rc1 a5 17. g4 Qe7 18. Bxg6 hxg6 19. Ne5 Rec8 20. f3 c5 21. Nxd7
Qxd7 22. dxc5 Rxc5 23. Qd3 b4 24. Ne2 Rac8 25. Rxc5 Rxc5 26. h4 a4 27. h5 gxh5
28. g5 Nh7 29. Rxh5 g6 30. Rh1 b3 31. axb3 axb3 32. Nd4 Nxg5 33. Nxb3 Rc4 34.
Nd2 Ra4 35. b3 Ra8 36. Qd4 Nh7 37. Kb2 Qd6 38. Ra1 Rxa1 39. Kxa1 Qf6 40. Qxf6
Nxf6 41. Kb2 Kf8 42. Kc3 Ke7 43. Kd4 Kd6 44. e4 dxe4 45. fxe4 Nd7 46. Nc4+ Kc6
47. b4 f6 48. Ne3 Nb6 49. Ng4 f5 50. Ne5+ Kb5 51. Nxg6 fxe4 52. Kxe4 Kxb4
1/2-1/2

[Event "Boeblinger Open 2014"]
[Site "Boeblingen"]
[Date "2014.12.28"]
[Round "2"]
[White "Mihok, Oliver"]
[Black "Nguyen, Thai Dai Van"]
[Result "1-0"]
[WhiteElo "2464"]
[BlackElo "2212"]
[PlyCount "52"]
[EventDate "2014.??.??"]

1. e4 e6 2. d3 d5 3. Nd2 c5 4. Ngf3 Nc6 5. g3 Nf6 6. Bg2 Be7 7. O-O O-O 8. Re1
dxe4 9. dxe4 e5 10. c3 Be6 11. Qe2 h6 12. Nc4 Qc7 13. Nh4 Rfe8 14. Ne3 Rad8 15.
Nhf5 Bf8 16. Qf3 Nh7 17. Nd5 Qc8 18. h4 Bxf5 19. Qxf5 Ne7 20. Qxc8 Nxc8 21. Be3
Bd6 22. b4 cxb4 23. cxb4 Ne7 24. Nxe7+ Bxe7 25. b5 b6 26. Rec1 Nf6 1-0

[Event "Boeblinger Open 2014"]
[Site "Boeblingen"]
[Date "2014.12.28"]
[Round "2"]
[White "Naumann, Axel"]
[Black "Fedorovsky, Michael"]
[Result "0-1"]
[WhiteElo "2162"]
[BlackElo "2443"]
[PlyCount "76"]
[EventDate "2014.??.??"]

1. e4 c5 2. Nf3 Nc6 3. d4 cxd4 4. Nxd4 Nf6 5. Nc3 e5 6. Ndb5 d6 7. Bg5 a6 8.
Na3 b5 9. Bxf6 gxf6 10. Nd5 f5 11. c3 Bg7 12. Nxb5 axb5 13. Bxb5 Bb7 14. exf5
O-O 15. Qg4 Kh8 16. f6 Bxf6 17. Bd3 Bg7 18. Qf5 Qh4 19. Qd7 Rab8 20. Ne3 Rfd8
21. Qc7 Ba8 22. Nf5 Qg5 23. Nxd6 Rxd6 24. Qxd6 Qxg2 25. O-O-O Qxf2 26. Bc2 Qb6
27. b3 Qa5 28. Qd3 e4 29. Qxe4 Qh5 30. Rhg1 Nd4 31. Qd3 Ne2+ 32. Kb2 Nxg1 33.
Rxg1 Rc8 34. Rg5 Qh6 35. Qd7 Bxc3+ 36. Kb1 Qe6 37. Qd1 Be4 38. Rh5 Bf6 0-1

[Event "Boeblinger Open 2014"]
[Site "Boeblingen"]
[Date "2014.12.28"]
[Round "2"]
[White "Ruff, Maximilian"]
[Black "Noe, Christopher"]
[Result "0-1"]
[WhiteElo "2142"]
[BlackElo "2375"]
[PlyCount "134"]
[EventDate "2014.??.??"]

1. e4 c5 2. Nf3 e6 3. c4 a6 4. Nc3 d6 5. d4 cxd4 6. Nxd4 Nf6 7. Be2 Be7 8. Be3
Qc7 9. O-O b6 10. Qd2 Bb7 11. f3 O-O 12. Kh1 Nbd7 13. a4 Ne5 14. Rfc1 Rac8 15.
a5 bxa5 16. Nb3 Rb8 17. Nxa5 Ba8 18. c5 dxc5 19. Bxa6 Rfd8 20. Qe2 Rb4 21. Rc2
Rdb8 22. Bf4 Nh5 23. Be3 Nc6 24. Nxc6 Bxc6 25. g3 h6 26. Bc4 Bd6 27. Bf2 Nf6
28. b3 Nd7 29. Rca2 Be5 30. Qc2 Qd8 31. Kg2 Qf6 32. Rc1 Bd4 33. Be1 Ne5 34. Qe2
Nxc4 35. bxc4 Rb3 36. Nd1 Qg6 37. Bf2 Rxf3 38. Kxf3 Qf5+ 39. Kg2 Bxe4+ 40. Kg1
Bf3 41. Qf1 Bf6 42. Ne3 Qe4 43. Ng2 Qc6 44. Be3 Rb3 45. Bf2 h5 46. Nf4 g5 47.
Nd3 h4 48. Nxc5 Rb8 49. Ra6 Qc8 50. Be3 g4 51. Rb1 hxg3 52. hxg3 Kg7 53. Rxb8
Qxb8 54. Qf2 Qb1+ 55. Qf1 Qb8 56. Qf2 Kh8 57. Qh2+ Kg8 58. Qf2 Qb1+ 59. Qf1 Qh7
60. Ra3 Qh1+ 61. Kf2 Qh2+ 62. Ke1 Qxg3+ 63. Qf2 Qd6 64. Rd3 Qe5 65. Kd2 Qb2+
66. Ke1 Qa1+ 67. Kd2 Qd1# 0-1

[Event "Boeblinger Open 2014"]
[Site "Boeblingen"]
[Date "2014.12.28"]
[Round "2"]
[White "Rücker, Benjamin"]
[Black "Braun, Arik"]
[Result "0-1"]
[WhiteElo "2250"]
[BlackElo "2549"]
[PlyCount "78"]
[EventDate "2014.??.??"]

1. d4 Nf6 2. c4 e6 3. Nc3 Bb4 4. Qc2 O-O 5. Nf3 d6 6. Bd2 Nbd7 7. a3 Bxc3 8.
Bxc3 Qe7 9. e3 b6 10. Be2 Bb7 11. O-O Ne4 12. Nd2 f5 13. f3 Nxc3 14. Qxc3 e5
15. Rae1 Rae8 16. Bd1 exd4 17. Qxd4 f4 18. Ba4 fxe3 19. Bxd7 Qxd7 20. Rxe3 Rxe3
21. Qxe3 Re8 22. Qd3 Qe6 23. Rd1 Qe5 24. b4 Bc6 25. Nf1 Ba4 26. Rd2 a6 27. Kf2
Qe1+ 28. Kg1 Kh8 29. Rf2 b5 30. c5 dxc5 31. bxc5 Qe5 32. Qd7 Bb3 33. f4 Qe7 34.
Qc6 Bc4 35. h3 Rf8 36. Rf3 Rf6 37. Qa8+ Bg8 38. c6 Qc5+ 39. Kh2 Qxc6 0-1

[Event "Boeblinger Open 2014"]
[Site "Boeblingen"]
[Date "2014.12.28"]
[Round "2"]
[White "Rücker, Benjamin"]
[Black "Braun, Arik"]
[Result "0-1"]
[WhiteElo "2250"]
[BlackElo "2549"]
[PlyCount "69"]
[EventDate "2014.??.??"]

1. d4 Nf6 2. c4 e6 3. Nc3 Bb4 4. Qc2 O-O 5. Nf3 d6 6. Bd2 Nbd7 7. a3 Bxc3 8.
Bxc3 Qe7 9. e3 b6 10. Be2 Bb7 11. O-O Ne4 12. Nd2 f5 13. f3 Nxc3 14. Qxc3 e5
15. Rae1 Rae8 16. Bd1 exd4 17. Qxd4 f4 18. Ba4 fxe3 19. Bxd7 Qxd7 20. Rxe3 Rxe3
21. Qxe3 Re8 22. Qd3 Qe6 23. Rd1 Qe5 24. b4 Bc6 25. Nf1 Ba4 26. Rd2 a6 27. Kf2
Qe1+ 28. Kg1 Kh8 29. Rf2 b5 30. c5 dxc5 31. bxc5 Qe5 32. Qd7 Bb3 33. f4 Qe7 34.
Qc6 Bc4 35. h3 0-1

[Event "Boeblinger Open 2014"]
[Site "Boeblingen"]
[Date "2014.12.28"]
[Round "2"]
[White "Schlecht, Daniel"]
[Black "Sessler, Joachim"]
[Result "1/2-1/2"]
[WhiteElo "2366"]
[BlackElo "2142"]
[PlyCount "60"]
[EventDate "2014.??.??"]

1. d4 Nf6 2. c4 g6 3. Nc3 d5 4. cxd5 Nxd5 5. e4 Nxc3 6. bxc3 c5 7. Nf3 Bg7 8.
Rb1 O-O 9. Be2 Nc6 10. d5 Bxc3+ 11. Bd2 Bxd2+ 12. Qxd2 Nd4 13. Nxd4 cxd4 14.
Qxd4 e6 15. O-O exd5 16. exd5 Qd6 17. Rfc1 Rd8 18. Bf3 b6 19. h4 Bb7 20. h5 Rd7
21. Rc3 Rad8 22. Rd1 Qf8 23. Rcd3 Qc5 24. Qf6 Qd6 25. Qb2 Qf8 26. Qb3 Qg7 27.
Qa3 Ba8 28. Qb3 Qe5 29. Re3 Qg5 30. Red3 Qe5 1/2-1/2

[Event "Boeblinger Open 2014"]
[Site "Boeblingen"]
[Date "2014.12.28"]
[Round "2"]
[White "Schön, Ralf"]
[Black "Baldauf, Marco"]
[Result "0-1"]
[WhiteElo "2157"]
[BlackElo "2393"]
[PlyCount "64"]
[EventDate "2014.??.??"]

1. Nf3 c5 2. g3 Nc6 3. Bg2 g6 4. O-O Bg7 5. d3 d6 6. Nbd2 Rb8 7. e4 e6 8. Re1
Nge7 9. Nf1 b5 10. h4 h6 11. N3h2 b4 12. h5 g5 13. Ne3 O-O 14. f4 gxf4 15. gxf4
Nd4 16. Kh1 f5 17. Rg1 Bb7 18. Bd2 Kh8 19. a3 a5 20. axb4 axb4 21. c3 bxc3 22.
bxc3 Nb5 23. Qe1 Qe8 24. Rb1 Bc6 25. Bf3 Ra8 26. Ng2 c4 27. dxc4 fxe4 28. Bxe4
Bxe4 29. Qxe4 Nf5 30. Nh4 Nxh4 31. cxb5 Ra2 32. Qd3 Qa8+ 0-1

[Event "Boeblinger Open 2014"]
[Site "Boeblingen"]
[Date "2014.12.28"]
[Round "2"]
[White "Shishkin, Vadim"]
[Black "Dehlinger, Alexander"]
[Result "1-0"]
[WhiteElo "2482"]
[BlackElo "2242"]
[PlyCount "69"]
[EventDate "2014.??.??"]

1. d4 Nf6 2. c4 e6 3. Nc3 Bb4 4. Qc2 O-O 5. Nf3 c5 6. dxc5 Na6 7. g3 Nxc5 8.
Bg2 b6 9. O-O Bb7 10. Nb5 Be4 11. Qd1 Nb7 12. a3 Be7 13. Bf4 Rc8 14. Rc1 a6 15.
Nc3 Bc6 16. b4 h6 17. Qb3 d6 18. Rfd1 Re8 19. Qb1 b5 20. cxb5 axb5 21. e4 e5
22. Be3 Ra8 23. Qb3 Qb8 24. Nh4 Ng4 25. Nf5 Bd8 26. Nd5 Bd7 27. Bf1 Nxe3 28.
Qxe3 Ra6 29. Rc3 g6 30. Qxh6 gxf5 31. Bxb5 Bxb5 32. exf5 Nc5 33. f6 Ne6 34. g4
Bf1 35. Rxf1 1-0

[Event "Boeblinger Open 2014"]
[Site "Boeblingen"]
[Date "2014.12.28"]
[Round "2"]
[White "Sieglen, Joachim"]
[Black "Prohaszka, Peter"]
[Result "0-1"]
[WhiteElo "2260"]
[BlackElo "2613"]
[PlyCount "122"]
[EventDate "2014.??.??"]

1. d4 d5 2. c4 c6 3. Nf3 Nf6 4. e3 Bf5 5. Nc3 e6 6. Nh4 Bg6 7. Be2 Nbd7 8. O-O
dxc4 9. Nxg6 hxg6 10. Bxc4 Bd6 11. g3 Qe7 12. e4 e5 13. d5 Bc5 14. dxc6 bxc6
15. Bg5 Rb8 16. Qf3 Bd4 17. Rab1 Rb4 18. b3 Rb8 19. Ne2 Bc5 20. Rfd1 O-O 21.
Rbc1 Ba3 22. Rc2 Nc5 23. Bxf6 gxf6 24. Rcd2 Kg7 25. Kg2 Bb4 26. Rc2 Rfd8 27.
Rcc1 Rxd1 28. Rxd1 Rd8 29. Rxd8 Qxd8 30. Nc1 Nb7 31. Qd3 Nd6 32. Qc2 Qa5 33.
Bf1 Qb6 34. Nd3 Ba3 35. f3 Nb5 36. Nb2 Nd4 37. Qf2 Bxb2 38. Qxb2 Qb4 39. Bc4
Qe1 40. Qf2 Qc1 41. Kh3 Qh1 42. Be2 a5 43. Qf1 Qxf1+ 44. Bxf1 Nxf3 45. Kg2 Nd4
46. Kf2 f5 47. Ke3 Kf6 48. Bc4 fxe4 49. Kxe4 Nf5 50. Bf1 Nd6+ 51. Kd3 c5 52.
Bg2 Ke6 53. Ke3 f5 54. h4 Kf6 55. Bd5 g5 56. hxg5+ Kxg5 57. Bf3 e4 58. Be2 Ne8
59. Kd2 Nf6 60. Kc3 Nh5 61. Kc4 Nxg3 0-1

[Event "Boeblinger Open 2014"]
[Site "Boeblingen"]
[Date "2014.12.28"]
[Round "2"]
[White "Smirnov, Artem"]
[Black "Konson, Konstantin"]
[Result "1-0"]
[WhiteElo "2446"]
[BlackElo "2198"]
[PlyCount "57"]
[EventDate "2014.??.??"]

1. d4 d5 2. c4 c5 3. cxd5 Nf6 4. Nf3 cxd4 5. Qxd4 Qxd5 6. Nc3 Qxd4 7. Nxd4 a6
8. g3 e5 9. Nb3 Bd7 10. Bg2 Bc6 11. O-O Bxg2 12. Kxg2 Nbd7 13. Be3 Rc8 14. Rfd1
Ng4 15. Nd5 Nxe3+ 16. Nxe3 Nb6 17. Na5 Bb4 18. Nxb7 Ke7 19. a3 Bc5 20. Nf5+ Ke6
21. e4 Bf8 22. b4 g6 23. Nfd6 Ra8 24. Rac1 Na4 25. Rc7 Be7 26. Nf5 gxf5 27.
Rc6+ Bd6 28. Rdxd6+ Ke7 29. Rc7+ 1-0

[Event "Boeblinger Open 2014"]
[Site "Boeblingen"]
[Date "2014.12.28"]
[Round "2"]
[White "Vuckovic, Aleksandar"]
[Black "Becker, Matthias"]
[Result "1/2-1/2"]
[WhiteElo "2337"]
[BlackElo "2137"]
[PlyCount "92"]
[EventDate "2014.??.??"]

1. e4 e5 2. Nf3 Nc6 3. Bc4 Bc5 4. c3 Nf6 5. d3 a6 6. b4 Ba7 7. Be3 Bxe3 8. fxe3
d5 9. exd5 Nxd5 10. Bxd5 Qxd5 11. e4 Qd6 12. Na3 Nxb4 13. Qa4+ Nc6 14. Rd1 Qc5
15. Ke2 O-O 16. Nb1 b5 17. Qa3 Qb6 18. h3 Be6 19. Nbd2 a5 20. Rb1 b4 21. Qb2 f6
22. Rhc1 Rfd8 23. a3 Qa6 24. c4 bxa3 25. Qxa3 Nb4 26. Rc3 Qd6 27. Ne1 f5 28.
Nc2 c5 29. Ne3 fxe4 30. Nxe4 Qc6 31. Rd1 Rd7 32. Qa1 Bf7 33. Ra3 Qc7 34. Kf1
Bg6 35. Nf2 Rd4 36. Kg1 Qd8 37. Qc3 Qg5 38. Qe1 Qg3 39. Nf1 Qf4 40. Ne3 Rf8 41.
Rxa5 Nxd3 42. Nxd3 Rxd3 43. Rxd3 Bxd3 44. Rxc5 e4 45. Rb5 h6 46. Rb7 Qe5
1/2-1/2

[Event "Boeblinger Open 2014"]
[Site "Boeblingen"]
[Date "2014.12.27"]
[Round "3"]
[White "Fedorovsky, Michael"]
[Black "Winterberg, Lukas"]
[Result "1/2-1/2"]
[WhiteElo "2443"]
[BlackElo "2264"]
[PlyCount "43"]
[EventDate "2014.??.??"]

1. d4 d5 2. c4 c6 3. Nf3 Nf6 4. Nc3 e6 5. cxd5 cxd5 6. Bf4 a6 7. e3 Bd6 8. Bxd6
Qxd6 9. Bd3 O-O 10. O-O Nc6 11. Rc1 Bd7 12. e4 dxe4 13. Nxe4 Nxe4 14. Bxe4 Rad8
15. Bb1 Bc8 16. Qd3 g6 17. Rfd1 Qb4 18. Qd2 Qxd2 19. Rxd2 f5 20. a3 Rd6 21. Ba2
Rfd8 22. Rcd1 1/2-1/2

[Event "Boeblinger Open 2014"]
[Site "Boeblingen"]
[Date "2014.12.27"]
[Round "3"]
[White "Hoefelsauer, Thomas"]
[Black "Bai, Jinshi"]
[Result "0-1"]
[WhiteElo "2266"]
[BlackElo "2444"]
[PlyCount "54"]
[EventDate "2014.??.??"]

1. Nf3 Nf6 2. c4 g6 3. b4 Bg7 4. Bb2 O-O 5. g3 Na6 6. Qb3 d5 7. cxd5 Qxd5 8.
Qxd5 Nxd5 9. Bxg7 Kxg7 10. a3 c5 11. Nc3 Be6 12. bxc5 Nxc3 13. dxc3 Nxc5 14.
Bg2 Bc4 15. Nd2 Ba6 16. c4 Rad8 17. O-O-O Rd4 18. e3 Rd7 19. Kc2 Nd3 20. Rhf1
Rc8 21. Bf3 b5 22. Kb3 bxc4+ 23. Kc3 Nb2 24. Rb1 Na4+ 25. Kb4 c3 26. Kxa4 c2
27. Rbc1 Rxd2 0-1

[Event "Boeblinger Open 2014"]
[Site "Boeblingen"]
[Date "2014.12.27"]
[Round "3"]
[White "Schmitz, Thorsten"]
[Black "Mihok, Oliver"]
[Result "0-1"]
[WhiteElo "2306"]
[BlackElo "2464"]
[PlyCount "80"]
[EventDate "2014.??.??"]

1. e4 e5 2. Nf3 Nc6 3. Bc4 Bc5 4. d3 Nf6 5. Nc3 h6 6. Be3 Bxe3 7. fxe3 d6 8.
O-O O-O 9. a3 Be6 10. Bxe6 fxe6 11. d4 exd4 12. exd4 e5 13. dxe5 Nxe5 14. Nxe5
dxe5 15. Qxd8 Raxd8 16. Rad1 c6 17. b4 Rfe8 18. Rd3 Rd4 19. Rfd1 Rc4 20. h3 Kf7
21. Re3 Ke7 22. Kf1 Ra8 23. Ke2 b5 24. Rb1 Rd8 25. Rb3 Rdd4 26. Kf3 Rd2 27. Rb2
Nh7 28. h4 Nf8 29. Ne2 Ne6 30. Ng3 Nd4+ 31. Kg4 Rxg2 32. Kh3 Rcxc2 33. Rxc2
Rxc2 34. a4 a6 35. Ra3 g6 36. axb5 axb5 37. Ra7+ Kf6 38. h5 gxh5 39. Nxh5+ Kg5
40. Ng3 Ne6 0-1

[Event "Boeblinger Open 2014"]
[Site "Boeblingen"]
[Date "2014.12.28"]
[Round "3"]
[White "Arnold, Max"]
[Black "Gschnitzer, Oswald"]
[Result "1/2-1/2"]
[WhiteElo "2158"]
[BlackElo "2407"]
[PlyCount "44"]
[EventDate "2014.??.??"]

1. e4 c5 2. Nf3 d6 3. Bb5+ Nd7 4. d4 cxd4 5. Qxd4 e5 6. Qd3 Be7 7. c4 Ngf6 8.
O-O O-O 9. Bxd7 Bxd7 10. Nc3 Be6 11. Rd1 Rc8 12. b3 a6 13. Bg5 Ne8 14. Bxe7
Qxe7 15. Nd2 g6 16. Nd5 Bxd5 17. Qxd5 Rc5 18. Qd3 f5 19. exf5 gxf5 20. b4 Rc6
21. Nb3 Kh8 22. a4 Qh4 1/2-1/2

[Event "Boeblinger Open 2014"]
[Site "Boeblingen"]
[Date "2014.12.28"]
[Round "3"]
[White "Bayer, Bernhard"]
[Black "Schneider, Bernd"]
[Result "1/2-1/2"]
[WhiteElo "2445"]
[BlackElo "2282"]
[PlyCount "130"]
[EventDate "2014.??.??"]

1. e4 c5 2. Nf3 e6 3. Nc3 a6 4. d4 cxd4 5. Nxd4 Qc7 6. Be2 Nf6 7. O-O Bb4 8.
Qd3 d6 9. Bd2 Bc5 10. Nb3 Ba7 11. Rad1 Nbd7 12. Qg3 O-O 13. Bf4 Ne8 14. a4 Ne5
15. Rd2 f6 16. Be3 Bxe3 17. Qxe3 Bd7 18. f4 Nf7 19. Rfd1 Rc8 20. Kh1 Kh8 21.
Rd4 Qb6 22. Qg3 e5 23. R4d2 Be6 24. Bg4 Nc7 25. Bxe6 Nxe6 26. Nd5 Qd8 27. f5
Nc5 28. Nxc5 Rxc5 29. Qe3 Rc4 30. b3 Rc6 31. h3 Re8 32. Nb4 Rc8 33. Qa7 Qc7 34.
Nd5 Qc6 35. Qe3 b5 36. Nb4 Qb7 37. a5 Rc5 38. h4 Rec8 39. Rd5 Kg8 40. R1d2 Ra8
41. R5d3 Kf8 42. Nd5 Rc6 43. Qe2 Rac8 44. Rg3 Rc5 45. Qh5 Rxd5 46. exd5 Nh6 47.
Rf3 Rc5 48. Rfd3 Qc8 49. Qf3 Nxf5 50. Qg4 g6 51. h5 Kg7 52. hxg6 hxg6 53. Qe2
Rxd5 54. Kg1 Rxd3 55. Qxd3 Qc5+ 56. Kh2 Qb4 57. g3 Qg4 58. Rg2 Nd4 59. Rf2 Nf5
60. Rg2 e4 61. Qe2 Qxe2 62. Rxe2 d5 63. c4 bxc4 64. bxc4 Nd4 65. Re3 dxc4
1/2-1/2

[Event "Boeblinger Open 2014"]
[Site "Boeblingen"]
[Date "2014.12.28"]
[Round "3"]
[White "Braun, Arik"]
[Black "Gheng, Josef"]
[Result "1-0"]
[WhiteElo "2549"]
[BlackElo "2315"]
[PlyCount "84"]
[EventDate "2014.??.??"]

1. Nf3 Nf6 2. c4 c5 3. g3 g6 4. Bg2 Bg7 5. O-O O-O 6. d4 cxd4 7. Nxd4 Nc6 8.
Nc3 Ng4 9. e3 f5 10. b3 a6 11. Bb2 Rb8 12. Qd2 b5 13. c5 Bb7 14. Rad1 Nf6 15.
Qe2 Nxd4 16. exd4 Bxg2 17. Kxg2 Qc7 18. b4 e6 19. Qf3 d5 20. Bc1 Qc6 21. Bf4
Rbe8 22. Be5 Ne4 23. Bxg7 Kxg7 24. Ne2 g5 25. Qe3 f4 26. gxf4 gxf4 27. Nxf4 Rf5
28. f3 Nf6 29. Nd3 Kh8 30. Ne5 Qc7 31. Kh1 Nd7 32. Nxd7 Qxd7 33. Rg1 Qf7 34.
Rg3 Qf6 35. Qc3 e5 36. dxe5 Rfxe5 37. Rdg1 Qf4 38. Qb2 d4 39. Qg2 Qf8 40. Qd2
Rd5 41. c6 Qe7 42. Qf4 Qd6 1-0

[Event "Boeblinger Open 2014"]
[Site "Boeblingen"]
[Date "2014.12.28"]
[Round "3"]
[White "Graf, Felix"]
[Black "Neyman, Igor"]
[Result "1-0"]
[WhiteElo "2472"]
[BlackElo "2311"]
[PlyCount "61"]
[EventDate "2014.??.??"]

1. d4 d5 2. c4 c6 3. Nc3 e6 4. e3 Bd6 5. Nf3 f5 6. Ne5 Nf6 7. Be2 O-O 8. O-O b6
9. Qc2 Bb7 10. cxd5 Nxd5 11. e4 Nxc3 12. bxc3 Nd7 13. exf5 Nxe5 14. dxe5 Bxe5
15. f4 Bf6 16. fxe6 Qd5 17. Ba3 Rfe8 18. f5 Qe5 19. Bf3 Rad8 20. Rad1 g6 21.
fxg6 Rxd1 22. gxh7+ Kh8 23. Qxd1 Qxe6 24. Bh5 Rd8 25. Qf3 Bg7 26. Bg4 Qe5 27.
Qf7 Ba6 28. Be6 Qe3+ 29. Kh1 Kxh7 30. Bc1 Qe2 31. Qf5+ 1-0

[Event "Boeblinger Open 2014"]
[Site "Boeblingen"]
[Date "2014.12.28"]
[Round "3"]
[White "Gschnitzer, Adrian"]
[Black "Schlecht, Daniel"]
[Result "1/2-1/2"]
[WhiteElo "2199"]
[BlackElo "2366"]
[PlyCount "26"]
[EventDate "2014.??.??"]

1. e4 e6 2. d4 d5 3. exd5 exd5 4. Bd3 c5 5. c3 Nc6 6. Be3 c4 7. Bc2 Nf6 8. h3
Bd6 9. Nf3 O-O 10. O-O Be6 11. Bg5 h6 12. Bh4 Be7 13. Re1 Nd7 1/2-1/2

[Event "Boeblinger Open 2014"]
[Site "Boeblingen"]
[Date "2014.12.28"]
[Round "3"]
[White "Jahncke, Giso"]
[Black "Smirnov, Artem"]
[Result "0-1"]
[WhiteElo "2294"]
[BlackElo "2446"]
[PlyCount "37"]
[EventDate "2014.??.??"]

1. d4 Nf6 2. c4 e6 3. Nc3 Bb4 4. Qc2 O-O 5. Nf3 d6 6. Bd2 Re8 7. a3 Bxc3 8.
Bxc3 Nbd7 9. e3 b6 10. Bd3 e5 11. dxe5 dxe5 12. Ng5 h6 13. Ne4 Bb7 14. b4 Qe7
15. O-O Nxe4 16. Bxe4 Bxe4 17. Qxe4 Qe6 18. Bb2 Nf6 19. Qc2 0-1

[Event "Boeblinger Open 2014"]
[Site "Boeblingen"]
[Date "2014.12.28"]
[Round "3"]
[White "Jorczik, Julian"]
[Black "Kotz, Reinhard"]
[Result "1-0"]
[WhiteElo "2409"]
[BlackElo "2171"]
[PlyCount "85"]
[EventDate "2014.??.??"]

1. d4 Nf6 2. Nf3 g6 3. c4 c5 4. d5 b5 5. Qc2 d6 6. e4 b4 7. a3 b3 8. Qd3 Bg7 9.
Nfd2 Nbd7 10. Qxb3 Rb8 11. Qc2 O-O 12. Be2 e6 13. O-O Re8 14. Nc3 Ba6 15. Re1
Qa5 16. Ra2 exd5 17. exd5 Ne5 18. b4 Qc7 19. b5 Bc8 20. Qd1 Bf5 21. Nf1 Nd3 22.
Bxd3 Rxe1 23. Qxe1 Bxd3 24. Ne3 Re8 25. Qd1 Rxe3 26. Bxe3 Bxc4 27. Ra1 Qa5 28.
Bd2 h6 29. Ne4 Qd8 30. Nxf6+ Bxf6 31. Rc1 Bxb5 32. Bxh6 Be5 33. Qg4 Bd7 34. Qc4
a6 35. Bf4 Bb5 36. Qe4 Bd3 37. Qxd3 Bxf4 38. Rb1 Qa5 39. g3 Be5 40. Kg2 Bc3 41.
Rb8+ Kg7 42. Qe4 Be5 43. Qh4 1-0

[Event "Boeblinger Open 2014"]
[Site "Boeblingen"]
[Date "2014.12.28"]
[Round "3"]
[White "Juhasz, Barbara"]
[Black "Lampert, Jonas"]
[Result "0-1"]
[WhiteElo "2165"]
[BlackElo "2453"]
[PlyCount "57"]
[EventDate "2014.??.??"]

1. e4 e5 2. Nf3 Nc6 3. Bb5 g6 4. d4 exd4 5. Nxd4 Bg7 6. c3 Nxd4 7. cxd4 Ne7 8.
O-O c6 9. Bc4 d5 10. exd5 cxd5 11. Bb5+ Bd7 12. Be2 Qb6 13. Nc3 Bc6 14. Bg5
Qxb2 15. Bxe7 Kxe7 16. Qd3 Qb4 17. Bf3 Rhd8 18. Rfd1 Kf8 19. Rab1 Qd6 20. h4 h5
21. g3 b6 22. Bg2 Rac8 23. Nb5 Qd7 24. a4 Rb8 25. Qb3 Kg8 26. Nc3 a6 27. Bf1 a5
28. Nb5 Qg4 29. Be2 0-1

[Event "Boeblinger Open 2014"]
[Site "Boeblingen"]
[Date "2014.12.28"]
[Round "3"]
[White "Kvetny, Mark"]
[Black "Schuler, Marc"]
[Result "0-1"]
[WhiteElo "2335"]
[BlackElo "2127"]
[PlyCount "44"]
[EventDate "2014.??.??"]

1. d4 Nf6 2. c4 e6 3. Nc3 Bb4 4. e3 b6 5. f3 c5 6. d5 b5 7. e4 O-O 8. Bg5 h6 9.
Bh4 Re8 10. dxe6 Rxe6 11. Nge2 g5 12. Bg3 bxc4 13. Qd2 d5 14. exd5 Bxc3 15.
bxc3 Nxd5 16. h4 g4 17. O-O-O Qa5 18. Qxd5 Qxa2 19. Qxc5 Bd7 20. Rd6 Na6 21.
Qd4 Rb8 22. Qxg4+ Kf8 0-1

[Event "Boeblinger Open 2014"]
[Site "Boeblingen"]
[Date "2014.12.28"]
[Round "3"]
[White "Maier, Alexander"]
[Black "Pfatteicher, Lukas"]
[Result "1/2-1/2"]
[WhiteElo "2315"]
[BlackElo "2139"]
[PlyCount "45"]
[EventDate "2014.??.??"]

1. e4 c6 2. Nc3 d5 3. Nf3 Bg4 4. h3 Bxf3 5. Qxf3 e6 6. a3 dxe4 7. Nxe4 Nf6 8.
d3 Nbd7 9. g3 Nxe4 10. dxe4 Qc7 11. Bg2 Bd6 12. Qe2 h5 13. h4 O-O-O 14. Bd2 Kb8
15. O-O-O Nb6 16. Ba5 Qe7 17. Rd3 Be5 18. Bxb6 axb6 19. Rhd1 g6 20. f4 Bc7 21.
e5 Rxd3 22. Rxd3 Rd8 23. Qd1 1/2-1/2

[Event "Boeblinger Open 2014"]
[Site "Boeblingen"]
[Date "2014.12.28"]
[Round "3"]
[White "Meskovs, Nikita"]
[Black "Bücker, Stefan"]
[Result "1-0"]
[WhiteElo "2452"]
[BlackElo "2301"]
[PlyCount "52"]
[EventDate "2014.??.??"]

1. d4 e5 2. dxe5 Nc6 3. Nf3 Qe7 4. Nc3 Nxe5 5. Nd5 Nxf3+ 6. gxf3 Qd8 7. Bf4 d6
8. Qd4 Be6 9. O-O-O Ne7 10. e4 Ng6 11. Be3 c6 12. Nc3 Qa5 13. Kb1 b5 14. f4 Nh4
15. b4 Qc7 16. Be2 f6 17. f5 Bc4 18. Bxc4 bxc4 19. Qxc4 Qd7 20. f4 Rb8 21. Ka1
d5 22. exd5 Rxb4 23. Qxc6 Qxc6 24. dxc6 Rc4 25. Rhe1 Nxf5 26. Rd7 Rxc6 1-0

[Event "Boeblinger Open 2014"]
[Site "Boeblingen"]
[Date "2014.12.28"]
[Round "3"]
[White "Meskovs, Nikita"]
[Black "Bücker, Stefan"]
[Result "1-0"]
[WhiteElo "2452"]
[BlackElo "2301"]
[PlyCount "59"]
[EventDate "2014.??.??"]

1. d4 e5 2. dxe5 Nc6 3. Nf3 Qe7 4. Nc3 Nxe5 5. Nd5 Nxf3+ 6. gxf3 Qd8 7. Bf4 d6
8. Qd4 Be6 9. O-O-O Ne7 10. e4 Ng6 11. Be3 c6 12. Nc3 Qa5 13. Kb1 b5 14. f4 Nh4
15. b4 Qc7 16. Be2 f6 17. f5 Bc4 18. Bxc4 bxc4 19. Qxc4 Qd7 20. f4 Rb8 21. Ka1
d5 22. exd5 Rxb4 23. Qxc6 Qxc6 24. dxc6 Rc4 25. Rhe1 Nxf5 26. Rd7 Rxc6 27. Rxa7
Kd8 28. Nd5 Nxe3 29. Rxe3 Rxc2 30. Nb6 1-0